000
00276nam a2200097Ia 4500
001
652800
005
20250826154445.0
008
250824s9999 xx 000 0 und d
245
0
_a
ROBİNSON CRUOSE ANTİK OKUL KLASİKLERİ
_c
DANIEL DEFOE
260
_b
ANTİK DÜNYA KLASİKLERİ
999
_c
652800
_d
652800